000
00438nam a2200145Ia 4500
008
100122s9999 xx 000 0 und d
082
_b
41037
_a
822.09
100
_a
धोंड म वा
245
_a
चंद्र चवथिचा
260
_b
मौज प्रकाशन गृह
_c
1987
300
_a
115
630
_a
चंद्र चवथिचा
730
_a
चंद्र चवथिचा
942
_c
BOOK
999
_c
421801
_d
421798